عرض عادي
عرض مارك
- Pym, J. S.
مدخل إسم شخص
001 - رقم الضبط
- حقل الضبط: 38341
003 - معرف رقم الضبط
- حقل الضبط: OSt
005 - تاريخ ووقت أخر عملية
- حقل الضبط: 20131026181013.0
008 - عناصر بيانات ثابتة الطول
- حقل تحكم ثابت الطول: 131026|||a|||||| | ||| d
040 ## - مصدر الفهرسة
- هيئة الفهرسة الأصلية: OSt
- وكالة الكتابة: OSt
100 ## - مدخل -- أسم شخص
- إسم شخص: Pym, J. S.
- الشكل الكامل للاسم: (John Sydney),
- تواريخ مرتبطة بالاسم: 1938-
670 ## - بيانات المصدر موجوده
- الاستشهاد بالمصدر: Work cat.: (OSt)0: Hutson, V. 38339, Applications of functional analysis and operator theory., 2005.
